Baby, see the colors! (Record no. 116656)

MARC details
000 -LÍDER
campo de controle de tamanho fixo 00800 a2200301 4500
001 - NÚMERO DE CONTROLE
campo de controle 116656
020 ## - ISBN - INTERNATIONAL STANDARD BOOK NUMBER
ISBN - International Standard Book Number 9780761193081
020 ## - ISBN - INTERNATIONAL STANDARD BOOK NUMBER
Informação qualificadora (pbk.)
020 ## - ISBN - INTERNATIONAL STANDARD BOOK NUMBER
ISBN - International Standard Book Number 0761193081
020 ## - ISBN - INTERNATIONAL STANDARD BOOK NUMBER
Informação qualificadora (pbk.)
041 ## - CÓDIGO DE IDIOMA
Código do idioma do texto/trilha sonora ou título diferente eng
082 ## - CDD - CLASSIFICAÇÃO DECIMAL DE DEWEY
Número de Classificação [E]
040 ## - FONTE DA CATALOGAÇÃO
Instituição da catalogação original YDXCP
Idioma da catalogação eng
Instituição que transcreveu o registro YDXCP
Instituição que modificou o registro BR-BrIDEA
Fontes convencionais de descrições de dados rda
050 ## - NÚMERO DE CONTROLE DA LIBRARY OF CONGRESS
Número de Classificação QL763
Número do exemplar .L86 2017
090 ## - NÚMERO DE CHAMADA LOCAL
Número de chamada (OCLC) (R); Número de chamada, CALL (RLIN) (NR) A Early [E]
Número Cutter local (OCLC); Número de classificação do livro, CALL (RLIN) TRU
100 ## - ENTRADA PRINCIPAL--NOME PESSOAL
Nome pessoal Trukhan, Ekaterina
Função do autor por extenso author
245 10 - TÍTULO
Título Baby, see the colors!
Indicação de responsabilidade, etc. Ekaterina Trukhan
260 ## - PUBLICAÇÃO, DISTRIBUIÇÃO, ETC.
Local de publicação, distribuição, etc. New York
Nome do editor, distribuidor, etc. Workman Publishing Co
Data da publicação, distribuição, etc. 2019
300 ## - DESCRIÇÃO FÍSICA
Extensão 1 volume (unpaged)
Outros detalhes físicos color illustrations
Dimensões 18 cm
338 ## - TIPO DE TRANSPORTADORA
Fonte rdacarrier
Termo do tipo de operadora volume
Código do tipo de operadora volume
490 ## - TÍTULO DA SÉRIE
Título da série Indestructibles
521 ## - NOTA DO PÚBLICO ALVO
Nota de público alvo Early Toddler
697 ## - ENTRADA DE ASSUNTO LOCAL--ENTIDADE COLETIVA (RLIN)
Nome corporativo ou nome da jurisdição Picture book.
697 ## - ENTRADA DE ASSUNTO LOCAL--ENTIDADE COLETIVA (RLIN)
Nome corporativo ou nome da jurisdição Colors
830 ## - ENTRADA SECUNDÁRIA DE SÉRIE--TÍTULO UNIFORME
Título uniforme Indestructibles
856 ## - LOCALIZAÇÃO ELETRÔNICA E ACESSO
Uniform Resource Identifier <a href="000006/00000670.jpeg">000006/00000670.jpeg</a>
942 ## - ELEMENTOS DE ENTRADA ADICIONADOS (KOHA)
Tipo de material Koha Livros
Holdings
Situação do descarte Situação das perdas Fonte da classificação ou esquema de arquivamento na estante Situação física Não pode ser emprestado Biblioteca de origem Biblioteca atual Data de aquisição Total de empréstimos Número de chamada completo Código de barras Data de último acesso Data do preço efetivo Tipo de material Koha
    Classificação Decimal de Dewey     ECB - ÁGUAS CLARAS ECB - ÁGUAS CLARAS 18/03/2020   A Early [E] TRU 00049788AGC 23/01/2024 23/01/2024 Livros